Jeevan smriti (Record no. 1392937)

MARC details
000 -LEADER
fixed length control field 00539nam a2200205Ia 4500
005 - DATE AND TIME OF LATEST TRANSACTION
control field 20250508165049.0
008 - FIXED-LENGTH DATA ELEMENTS--GENERAL INFORMATION
fixed length control field 008 250505s9999 xx 000 0 hin d
037 ## - SOURCE OF ACQUISITION
Stock number Textual
040 ## - CATALOGING SOURCE
Original cataloging agency FEDL
Language of cataloging eng
Transcribing agency FEDL
041 ## - LANGUAGE CODE
Language code of text/sound track or separate title hin
Source of code eng
084 ## - COLON CLASSIFICATION NUMBER
Classification number 891.440 92, TAG
Assigning agency FEDL
100 ## - MAIN ENTRY--PERSONAL NAME
Personal name Tagore Rabindranath
245 #0 - TITLE STATEMENT
Title Jeevan smriti
260 ## - PUBLICATION, DISTRIBUTION, ETC.
Place of publication, distribution, etc. Delhi, India
Name of publisher, distributor, etc. Hind Pocket Books
Date of publication, distribution, etc. 1990
300 ## - PHYSICAL DESCRIPTION
Extent 159p.
365 ## - TRADE PRICE
Price type code INR
Price amount 25
546 ## - LANGUAGE NOTE
Language note MACESE
942 ## - ADDED ENTRY ELEMENTS (KOHA)
Koha item type Textual
Classification part 891.440 92, TAG
Holdings
Withdrawn status Lost status Damaged status Not for loan Home library Current library Date acquired Cost, normal purchase price Total Checkouts Full call number Barcode Date last seen Price effective from Koha item type
        Department of Education Library Department of Education Library 2025-05-08 25.00   891.440 92, TAG EL0086568 2025-05-08 2025-05-08 Textual
Copyright @ Delhi University Library System